| 000 | 00491nmm a2200169Ia 4500 | ||
|---|---|---|---|
| 008 | 251105s9999||||xx |||||||||||||||||und|| | ||
| 041 | _aspa | ||
| 100 | _aCaoilinn Hughes | ||
| 245 | 0 | _aLas alternativas | |
| 264 |
_a[Madrid, España] : _bAlba Editorial, _c[Fecha de publicación no identificada] |
||
| 300 | _a0 páginas | ||
| 490 | _aContemporánea | ||
| 700 | _aCaoilinn Hughes | ||
| 700 | 1 | _a Saro, Leonor | |
| 856 | _uhttps://public.digitaliapublishing.com/a/179818 | ||
| 942 | _cCF | ||
| 999 |
_c63483 _d63483 |
||